Tratado de derecho civil germánico o alemán considerado en sí mismo y en sus relaciones con la legislación francesa / (Record no. 157475)
[ view plain ]
| 000 -LEADER | |
|---|---|
| campo de control de longitud fija | 00885nam a22002175i 4500 |
| 001 - NÚMERO DE CONTROL | |
| campo de control | 157475 |
| 003 - IDENTIFICADOR DE NÚMERO DE CONTROL | |
| campo de control | ES-MaACL |
| 005 - FECHA Y HORA DE LA ÚLTIMA TRANSACCIÓN | |
| campo de control | 20250809040614.0 |
| 008 - DATOS DE LONGITUD FIJA--INFORMACIÓN GENERAL | |
| campo de control de longitud fija | 960320s1878 sp |||| | spa d |
| 040 ## - FUENTE DE CATALOGACIÓN | |
| Centro catalogador/agencia de origen | AS |
| Lengua de catalogación | spa |
| Centro/agencia transcriptor | CCPB | SIC |
| 100 1# - ENTRADA PRINCIPAL--NOMBRE DE PERSONA | |
| Nombre de persona | Lehr, Ernest. |
| 9 (RLIN) | 71355 |
| 245 10 - MENCIÓN DEL TÍTULO | |
| Título | Tratado de derecho civil germánico o alemán considerado en sí mismo y en sus relaciones con la legislación francesa / |
| Mención de responsabilidad, etc. | por Ernesto Lehr ; y traducido libremente y adicionado en la parte española por Domingo Alcalde Prieto. |
| 260 ## - PUBLICACIÓN, DISTRIBUCIÓN, ETC. | |
| Lugar de publicación, distribución, etc. | Madrid : |
| Nombre del editor, distribuidor, etc. | Librería de Leocadio López, |
| Fecha de publicación, distribución, etc. | 1878 ( |
| Fabricante | Imp. de Fortanet) |
| 300 ## - DESCRIPCIÓN FÍSICA | |
| Extensión | XIX, 683 p. ; |
| Dimensiones | 24 cm. |
| 650 07 - PUNTO DE ACCESO ADICIONAL DE MATERIA--TÉRMINO DE MATERIA | |
| Término de materia o nombre geográfico como elemento de entrada | Derecho civil |
| Fuente del encabezamiento o término | embne |
| 9 (RLIN) | 11656 |
| 650 04 - PUNTO DE ACCESO ADICIONAL DE MATERIA--TÉRMINO DE MATERIA | |
| Término de materia o nombre geográfico como elemento de entrada | Derecho civil- |
| Subdivisión geográfica | España |
| 9 (RLIN) | 11659 |
| 700 1# - ENTRADA AGREGADA--NOMBRE PERSONAL | |
| Nombre de persona | Alcalde Prieto, Domingo. |
| 9 (RLIN) | 19488 |
| 752 ## - ENTRADA AGREGADA--NOMBRE JERÁRQUICO DEL LUGAR | |
| País o entidad superior | España - |
| Ciudad | Madrid |
| 852 ## - LOCALIZACIÓN | |
| Ubicación | ES-MaACL |
| Número de control de estantería | B-5463 |
| Nota libre | - Enc. hol. |
| Estatus retirado | Estado de pérdida | Estado de daño | No para préstamo | Colección | Biblioteca de origen | Biblioteca actual | Ubicación en estantería | Fecha de adquisición | Fuente de adquisición | Total de préstamos | Signatura topográfica completa | Código de barras | Visto por última vez | Precio de reemplazo | Tipo de ítem Koha |
|---|---|---|---|---|---|---|---|---|---|---|---|---|---|---|---|
| Libros del s. XIX | Biblioteca del Ateneo de Madrid | Biblioteca del Ateneo de Madrid | Sala Pardo Bazán | 17/01/2008 | B-5463 | 1164793 | 23/02/2023 | 23/02/2023 | Libro impreso antiguo |
